[Event "Team senior chess final"]
[Site "?"]
[Date "2015.05.04"]
[Round "4.2"]
[White "Karasev, Vladimir I"]
[Black "Sabaev, Evgueni"]
[Result "1/2-1/2"]
[WhiteElo "2328"]
[BlackElo "2127"]
[PlyCount "80"]
[EventDate "2015.05.01"]

1. Nf3 c5 2. e4 e6 3. d4 cxd4 4. Nxd4 a6 5. Nc3 Qc7 6. Bd3 Nc6 7. Nxc6 dxc6 8.
f4 e5 9. f5 Nf6 10. Be3 b5 11. a4 Bb7 12. O-O Be7 13. Qf3 h5 14. Kh1 b4 15. Nb1
Ng4 16. Nd2 Nxe3 17. Qxe3 a5 18. Bc4 Rh6 19. Nf3 Ba6 20. Qe2 Bxc4 21. Qxc4 Rd8
22. Rad1 Rxd1 23. Rxd1 Rd6 24. Rd3 Rd7 25. g3 Rxd3 26. cxd3 Qd6 27. Kg2 Bd8 28.
d4 exd4 29. e5 Qd5 30. Qxd5 cxd5 31. Kf2 g6 32. f6 Bc7 33. Ke2 Kd7 34. Kd3 Ke6
35. Kxd4 Bb6+ 36. Kd3 Bc7 37. Kd4 Bb6+ 38. Kd3 Bc7 39. Kd4 Bb6+ 40. Kd3 Bc7
1/2-1/2

[Event "Team senior chess final"]
[Site "?"]
[Date "2015.05.04"]
[Round "4.2"]
[White "Safiullin, Rafael"]
[Black "Mishuchkov, Nikolai M"]
[Result "0-1"]
[WhiteElo "1990"]
[BlackElo "2321"]
[PlyCount "98"]
[EventDate "2015.05.01"]

1. e4 c5 2. Nf3 e6 3. d4 cxd4 4. Nxd4 a6 5. Bd3 Bc5 6. Nb3 Be7 7. O-O d6 8. c4
Nf6 9. f4 Nbd7 10. Qe2 Qc7 11. Nc3 b6 12. Bd2 Bb7 13. Rae1 O-O 14. e5 Ne8 15.
Qh5 g6 16. Qh3 Ng7 17. exd6 Bxd6 18. Ne4 Bxe4 19. Bxe4 Rad8 20. Rc1 Nc5 21. Bb1
Nh5 22. Nxc5 Bxc5+ 23. Be3 Nxf4 24. Qf3 Rd2 25. Rf2 Rxf2 26. Qxf2 Bxe3 27. Qxe3
Qc5 28. Qxc5 bxc5 29. Kf1 Rb8 30. b3 Kf8 31. g3 Nh5 32. Rd1 Ke7 33. Be4 f5 34.
Bc6 Nf6 35. Ke2 Rb6 36. Bf3 a5 37. Rd3 Rd6 38. Rc3 Rd4 39. Ke3 e5 40. Be2 g5
41. h3 h5 42. Rd3 Rxd3+ 43. Bxd3 e4 44. Be2 Ke6 45. g4 hxg4 46. hxg4 f4+ 47.
Kd2 Ke5 48. Kc3 f3 49. Bd1 Kf4 0-1

[Event "Team senior chess final"]
[Site "?"]
[Date "2015.05.04"]
[Round "4.2"]
[White "Blechzin, Igor"]
[Black "Tukhvatullin, Gusman"]
[Result "1-0"]
[WhiteElo "2356"]
[BlackElo "2047"]
[PlyCount "65"]
[EventDate "2015.05.01"]

1. Nf3 Nf6 2. c4 g6 3. d4 Bg7 4. g3 O-O 5. Bg2 d6 6. O-O Nc6 7. d5 Na5 8. Nbd2
b6 9. b4 Nb7 10. Bb2 Bd7 11. Nd4 Qc8 12. N2b3 Bh3 13. Nc6 Re8 14. Qd3 Bxg2 15.
Kxg2 Qd7 16. e4 e5 17. Rae1 Nd8 18. Nxd8 Raxd8 19. c5 Qa4 20. cxd6 cxd6 21. a3
Rc8 22. f3 a5 23. b5 Nd7 24. Rc1 Bh6 25. Rc6 Rxc6 26. dxc6 Nf8 27. Bc1 Bg7 28.
Nd2 Ne6 29. Qc4 Nc5 30. Qxa4 Nxa4 31. Nc4 Bf8 32. Be3 Rb8 33. Nxb6 1-0

[Event "Team senior chess final"]
[Site "?"]
[Date "2015.05.05"]
[Round "5.1"]
[White "Sabaev, Evgueni"]
[Black "Fokin, Sergey"]
[Result "1/2-1/2"]
[WhiteElo "2127"]
[BlackElo "2163"]
[PlyCount "141"]
[EventDate "2015.05.01"]

1. Nf3 Nf6 2. c4 e6 3. g3 b6 4. Bg2 Bb7 5. O-O Be7 6. b3 O-O 7. Bb2 d5 8. e3 c5
9. Nc3 Nbd7 10. Qe2 Rc8 11. Rfd1 Qc7 12. Rac1 Qb8 13. cxd5 Nxd5 14. Nxd5 Bxd5
15. e4 Bb7 16. d4 cxd4 17. Nxd4 Rxc1 18. Rxc1 Rc8 19. Rd1 Nf6 20. e5 Nd5 21.
Nf5 exf5 22. Bxd5 Bxd5 23. Rxd5 Rd8 24. Qd3 Rxd5 25. Qxd5 Qc8 26. Kg2 h6 27.
Qd3 Qc6+ 28. Qf3 Qd7 29. Qc3 Bc5 30. e6 fxe6 31. h4 Bf8 32. h5 Qd5+ 33. f3 Qd7
34. Qe5 Kf7 35. Bd4 Qd6 36. Qe3 Qc6 37. Qd3 Be7 38. Kh3 Bg5 39. Qe2 Qc1 40. Kg2
Qd2 41. Qxd2 Bxd2 42. Kf2 Bb4 43. Ke2 Bd6 44. g4 e5 45. Bf2 Ke6 46. Kd3 e4+ 47.
Ke2 Bc5 48. Bg3 b5 49. Be1 Bd4 50. Bh4 a6 51. Be1 Ke5 52. Bg3+ Ke6 53. Be1 fxg4
54. fxg4 g6 55. hxg6 Kf6 56. Bd2 Kxg6 57. Bf4 Bc5 58. Kd2 h5 59. gxh5+ Kxh5 60.
Ke2 Kg4 61. Bd2 Kf5 62. Be1 Ke5 63. Bc3+ Bd4 64. Bb4 Kd5 65. Ba5 Bf6 66. Bb6
Be7 67. Be3 a5 68. Bb6 a4 69. Be3 Bc5 70. Bg5 Bd4 71. Bd8 1/2-1/2

[Event "Team senior chess final"]
[Site "?"]
[Date "2015.05.05"]
[Round "5.1"]
[White "Umushkin, Aleksey"]
[Black "Safiullin, Rafael"]
[Result "0-1"]
[WhiteElo "2118"]
[BlackElo "1990"]
[PlyCount "74"]
[EventDate "2015.05.01"]

1. e4 e5 2. Nf3 Nc6 3. d4 exd4 4. Bc4 Bb4+ 5. c3 dxc3 6. O-O d6 7. Qb3 Qe7 8.
Nxc3 Bxc3 9. Qxc3 Nf6 10. Bg5 O-O 11. Rfe1 Ne5 12. Nxe5 Qxe5 13. Bxf6 Qxf6 14.
Qxf6 gxf6 15. Rac1 Re8 16. Bb3 Re7 17. f3 Be6 18. Re3 Rd8 19. Kf2 Kf8 20. Rec3
c6 21. Rd1 Red7 22. g4 d5 23. exd5 Bxd5 24. Bxd5 Rxd5 25. Re1 Rd2+ 26. Re2
Rxe2+ 27. Kxe2 Rd5 28. Ke3 f5 29. h4 fxg4 30. fxg4 Ke7 31. Kf4 f6 32. Re3+ Kf7
33. Ra3 a5 34. Rb3 b5 35. Rc3 c5 36. Ra3 a4 37. b3 Rd3 0-1

[Event "Team senior chess final"]
[Site "?"]
[Date "2015.05.05"]
[Round "5.1"]
[White "Tukhvatullin, Gusman"]
[Black "Savchuk, Vladimir"]
[Result "0-1"]
[WhiteElo "2047"]
[BlackElo "2069"]
[PlyCount "106"]
[EventDate "2015.05.01"]

1. e4 c5 2. Nf3 Nc6 3. Bb5 g6 4. O-O Bg7 5. c3 Nf6 6. Re1 Qb6 7. a4 O-O 8. d4
cxd4 9. cxd4 d5 10. exd5 Nxd5 11. Nc3 e6 12. Nxd5 exd5 13. Bxc6 Qxc6 14. Ne5
Qb6 15. a5 Qa6 16. Qb3 Be6 17. h3 b5 18. Bd2 Rfe8 19. Bb4 Rac8 20. f4 Red8 21.
Rec1 Rc4 22. Rd1 Bf5 23. Nxc4 dxc4 24. Qe3 h5 25. Bc5 Bd3 26. Kh1 Qc6 27. Qf2
a6 28. b3 Re8 29. Re1 cxb3 30. Rxe8+ Qxe8 31. Rd1 Bc2 32. Rc1 Qe4 33. Ba3 Bxd4
34. Qd2 Bf6 35. Re1 Qc6 36. Re2 Kh7 37. f5 Bxf5 38. Bb2 Bc2 39. Bxf6 Qxf6 40.
Rf2 Qa1+ 41. Kh2 Qe5+ 42. g3 Kg7 43. h4 Qc5 44. Qf4 Bf5 45. Qd2 b4 46. Qb2+ Qc3
47. Qe2 Qd4 48. Rf4 Qc5 49. Rf2 Kh7 50. Qf3 Kg7 51. Qe2 Be6 52. Qf1 Qxa5 53.
Qd3 Qc5 0-1

[Event "Team senior chess final"]
[Site "?"]
[Date "2015.05.05"]
[Round "5.2"]
[White "Balashov, Yuri S"]
[Black "Sidorov, Anatoly"]
[Result "1-0"]
[WhiteElo "2443"]
[BlackElo "2301"]
[PlyCount "93"]
[EventDate "2015.05.01"]

1. d4 Nf6 2. c4 e6 3. Nf3 b6 4. Nc3 Bb7 5. a3 Be7 6. d5 d6 7. e4 e5 8. Bd3 O-O
9. O-O Bc8 10. h3 Nbd7 11. Bc2 h6 12. Be3 Nh7 13. b4 Ng5 14. Nd2 Nh7 15. a4 Bg5
16. Qe2 Bxe3 17. Qxe3 a5 18. bxa5 Nc5 19. axb6 cxb6 20. Nb3 Nxb3 21. Bxb3 Ra5
22. Nb5 Ba6 23. f4 Re8 24. fxe5 Bxb5 25. e6 fxe6 26. cxb5 exd5 27. Bxd5+ Kh8
28. Bc6 Rf8 29. Qd4 Qc7 30. Rxf8+ Nxf8 31. Rd1 Ne6 32. Qxd6 Qxd6 33. Rxd6 Nc5
34. Be8 Kg8 35. Bg6 Kf8 36. Rxb6 Rxa4 37. Rc6 Nd7 38. Bf5 Ne5 39. Re6 Nd3 40.
Bg6 Ra8 41. b6 Rb8 42. b7 Nc5 43. Rc6 Nxb7 44. Rb6 Ke7 45. e5 Kd8 46. Be4 Kc7
47. Rxb7+ 1-0

[Event "Team senior chess final"]
[Site "?"]
[Date "2015.05.05"]
[Round "5.2"]
[White "Iliushkin, Evgeny"]
[Black "Dragomarezkij, Evgeni"]
[Result "1/2-1/2"]
[WhiteElo "2179"]
[BlackElo "2393"]
[PlyCount "135"]
[EventDate "2015.05.01"]

1. d4 Nf6 2. c4 e6 3. Nf3 Bb4+ 4. Bd2 Qe7 5. g3 Nc6 6. Bg2 Bxd2+ 7. Nbxd2 O-O
8. O-O d6 9. e4 a5 10. b3 a4 11. d5 Ne5 12. Qc2 Nxf3+ 13. Nxf3 axb3 14. axb3
Rxa1 15. Rxa1 exd5 16. exd5 Re8 17. h3 Kf8 18. Re1 Qd8 19. Rxe8+ Qxe8 20. Nd4
Qe1+ 21. Kh2 Bd7 22. Bf3 h5 23. Kg2 g5 24. Qe2 Qc3 25. Qe3 Qxe3 26. fxe3 Kg7
27. Bd1 g4 28. h4 c5 29. dxc6 bxc6 30. Bc2 c5 31. Nf5+ Bxf5 32. Bxf5 Ng8 33.
Kf2 Kf6 34. Bd7 Ke5 35. Be8 Ke6 36. e4 Ne7 37. Ke3 Ng6 38. Bc6 Kf6 39. Ba4 Ne5
40. Be8 Nf3 41. Ba4 Ke6 42. Kf4 Kf6 43. Ke3 Kg6 44. Be8 Nd4 45. Ba4 Ne6 46. Bd7
Nd4 47. Ba4 Nc2+ 48. Kd2 Nb4 49. Bb5 Kf6 50. Be8 Ke6 51. Ke3 Ke7 52. Ba4 Na6
53. Kf4 Kf6 54. Ke3 Nc7 55. Bd7 Ke5 56. Kd3 Na6 57. Be8 Nb4+ 58. Ke3 Ke6 59.
Ba4 Kf6 60. Be8 Nc2+ 61. Kd3 Ne1+ 62. Ke3 Ke6 63. Ba4 Nf3 64. Be8 Nd4 65. Ba4
Ke5 66. Be8 Kf6 67. Ba4 Ne6 68. Bd7 1/2-1/2

[Event "Team senior chess final"]
[Site "?"]
[Date "2015.05.05"]
[Round "5.2"]
[White "Kremenietsky, Anatoly M"]
[Black "Ostashevsky, Gennady"]
[Result "0-1"]
[WhiteElo "2316"]
[BlackElo "2118"]
[PlyCount "96"]
[EventDate "2015.05.01"]

1. d4 Nf6 2. Nf3 d6 3. c4 g6 4. Nc3 Bg7 5. e4 O-O 6. Be2 e5 7. O-O Nbd7 8. Re1
c6 9. Bf1 Re8 10. d5 c5 11. a3 h6 12. g3 a6 13. Nh4 Nf8 14. Bd3 Rb8 15. b4 b6
16. Rb1 Bd7 17. Bd2 Qc7 18. Ng2 h5 19. h4 Ng4 20. f3 Nh6 21. Qc2 f6 22. Rf1 Nh7
23. b5 a5 24. Qc1 Nf7 25. Ne3 Bh6 26. f4 Qd8 27. Qd1 Kh8 28. f5 Bxe3+ 29. Bxe3
Rg8 30. fxg6 Rxg6 31. Kh2 Qg8 32. Rg1 Nh6 33. Bxh6 Rxh6 34. Be2 Qg6 35. Bd3 f5
36. Qc2 Rf8 37. Rbe1 f4 38. gxf4 Qf6 39. f5 Qxh4+ 40. Kg2 Rg8+ 41. Kf3 Rxg1 42.
Rxg1 Ng5+ 43. Kg2 Qh3+ 44. Kf2 Qf3+ 45. Ke1 Qe3+ 46. Kf1 Nf3 47. Rg3 h4 48. Rh3
Qg1+ 0-1

[Event "Team senior chess final"]
[Site "?"]
[Date "2015.05.05"]
[Round "5.2"]
[White "Loginov, Alexander"]
[Black "Kachar, Vladimir"]
[Result "1/2-1/2"]
[WhiteElo "2118"]
[BlackElo "2246"]
[PlyCount "91"]
[EventDate "2015.05.01"]

1. e4 c5 2. Nf3 Nc6 3. Bb5 g6 4. O-O Bg7 5. c3 Qb6 6. a4 a6 7. Bc4 d6 8. Re1
Nf6 9. h3 Ne5 10. Nxe5 dxe5 11. a5 Qc7 12. d3 O-O 13. b4 cxb4 14. cxb4 Bd7 15.
Be3 Bc6 16. Qb3 Rac8 17. Rc1 Nd7 18. Nc3 Qd8 19. b5 axb5 20. Nxb5 Ra8 21. Na7
Nb8 22. Bb6 Qd7 23. Nxc6 Nxc6 24. Bd5 Bh6 25. Rc2 e6 26. Bxc6 bxc6 27. Ra4 Rfb8
28. Qc4 Bg5 29. Kf1 Bd8 30. Bxd8 Qxd8 31. a6 Ra7 32. g3 Rb6 33. Kg2 Qd6 34. Ra5
Kg7 35. Rc3 h5 36. h4 Kh7 37. Rb3 Qc7 38. Rba3 Qd6 39. Rb3 Qc7 40. Rxb6 Qxb6
41. Rxe5 Rxa6 42. Rc5 Ra1 43. Qc2 Ra6 44. Rc4 Ra3 45. Rxc6 Qd4 46. Rc4 1/2-1/2